000 00979nam a22002297a 4500
001 2009305
003 AM-YEHGA
005 20250618080207.0
008 250228s1929 ru ac|||r|||||||||0|rus|d
040 _aAM-YeHGA
041 0 _arus
100 1 _aВульф, Алексей Николаевич
245 1 0 _aДневники :
_b(любовный быт Пушкинской эпохи) /
_cА.Н. Вульф ; Со ст. М.И. Семевского "Прогулка в Тригорское" ; Ред. и вступ. ст. П.Е. Щеголева.
260 _aМосква :
_bФедерация,
_c1929.
300 _a445, [1] с. :
_b[6] л. ил., портр.
600 1 4 _aПушкин, Александр Сергеевич,
_d1799-1837
_98888
650 1 4 _aРусская литература
650 1 4 _aПерсоналии писателей
700 1 _aЩеголев, Павел Елисеевич
_eред.
_4edt
942 _2udc
_cBK
090 _c572377
999 _c533358
_d533358